Southville International School and Colleges
Your cart is empty.
  • Cart
  • Lists
    Public lists Eva Luna New books Lux_list list_1
    Your lists Log in to create your own lists
  • Log in to your account
  • Your cookies
  • Search history
Southville International School and Colleges
  • Advanced search
  • Recent comments
  • Most popular
  • Libraries

Log in to your account

Log in with GOOGLE


If you do not have an external account, but do have a local account, you can still log in:

  1. Home
  2. MARC view: Casebook in child behavior disorders /
Normal view MARC view ISBD view

Casebook in child behavior disorders / (Record no. 48605)

[ view plain ]
MARC details
000 -LEADER
fixed length control field 00606nam a2200193Ia 4500
008 - FIXED-LENGTH DATA ELEMENTS--GENERAL INFORMATION
fixed length control field 140321s9999 xx 000 0 und d
020 ## - INTERNATIONAL STANDARD BOOK NUMBER
International Standard Book Number 9781133490715
050 ## - LIBRARY OF CONGRESS CALL NUMBER
Classification number RJ 499
Item number .K214 2013
100 ## - MAIN ENTRY--PERSONAL NAME
Personal name Kearney, Christopher A.
245 ## - TITLE STATEMENT
Title Casebook in child behavior disorders /
Statement of responsibility, etc Christopher A. Kearney.
250 ## - EDITION STATEMENT
Edition statement 5th ed.
260 ## - PUBLICATION, DISTRIBUTION, ETC. (IMPRINT)
Place of publication, distribution, etc California :
Name of publisher, distributor, etc Wadsworth Cengage Learning,
Date of publication, distribution, etc c2013.
300 ## - PHYSICAL DESCRIPTION
Extent 209 p. :
Other physical details ill. ;
Dimensions 24 cm.
500 ## - GENERAL NOTE
General note Includes bibliographic references and index.
521 ## - TARGET AUDIENCE NOTE
Target audience note
650 ## - SUBJECT ADDED ENTRY--TOPICAL TERM
Topical term or geographic name as entry element Child psychopathology
General subdivision Case studies.
942 ## - ADDED ENTRY ELEMENTS (KOHA)
Call number prefix Foreign
Koha item type Books
Holdings
Withdrawn status Lost status Damaged status Home library Current library Shelving location Date acquired Total Checkouts Full call number Barcode Date last seen Price effective from Koha item type
      College Library College Library Reserve Section 03/21/2014   RJ 499 .K214 2013 C17888 05/15/2018 03/21/2014 Books

Casebook in child behavior disorders /

APA

Kearney C. A., . (2013). Casebook in child behavior disorders. California: Wadsworth Cengage Learning.

Chicago

Kearney Christopher A, . 2013. Casebook in child behavior disorders. California: Wadsworth Cengage Learning.

Harvard

Kearney C. A., . (2013). Casebook in child behavior disorders. California: Wadsworth Cengage Learning.

MLA

Kearney Christopher A, . Casebook in child behavior disorders. California: Wadsworth Cengage Learning. 2013.

  • Place hold
  • Print
  • Cite
  • Add to your cart (remove)
  • Save record
    BIBTEX Dublin Core MARCXML MARC (non-Unicode/MARC-8) MARC (Unicode/UTF-8) MARC (Unicode/UTF-8, Standard) MODS (XML) RIS
  • More searches
    Search for this title in:
    Other Libraries (WorldCat) Other Databases (Google Scholar) Online Stores (Bookfinder.com) Open Library (openlibrary.org)

Exporting to Dublin Core...

SOUTHVILLE LIBRARY

Southville International School and Colleges Library

1281 Tropical Ave. Cor. Luxembourg St., BF Homes International, Las Pinas City

Tel. No. 8256374 / 252358 Loc. 117/146

Powered by Koha